000
00326nam a2200133Ia 4500
100
_a
Dailley/Denton J
942
_c
BK
654
_a
operational
245
_a
Operational Amplifiers and Linear Integrated circuits
260
_b
McGraw Hill
_a
New York
_c
1989
082
_a
621.381535
_b
SAI
300
_a
418
546
_a
ENGLISH
999
_c
28241
_d
28241